000 00849cam a22002653a 4500
001 5307
003 PGUSA
005 20140828083118.0
008 040301s2004||||xxu|||||s|||||000 | eng d
040 _aPGUSA
_beng
042 _adc
050 4 _aML
100 1 _aMozart, Wolfgang Amadeus,
_d1756-1791
245 1 4 _aThe Letters of Wolfgang Amadeus Mozart — Volume 01
_h[electronic resource] /
_cWolfgang Amadeus Mozart
260 _bProject Gutenberg,
_c2004
506 _aPublic domain in the USA.
516 _aElectronic text
653 _aMozart, Wolfgang Amadeus, 1756-1791 -- Correspondence
653 _aComposers -- Austria -- Correspondence
700 1 _aWallace, Grace, Lady,
_d-1878
700 1 _aNohl, Ludwig,
_d1831-1885
830 0 _aProject Gutenberg
_v5307
856 4 0 _uhttp://www.gutenberg.org/ebooks/5307
942 _cEB
999 _c234636
_d234636